|
|
|
|
| LEADER |
01297nam a2200361Ia 4500 |
| 001 |
EBC452982 |
| 003 |
MiAaPQ |
| 005 |
20200520144314.0 |
| 006 |
m o d | |
| 007 |
cr cn||||||||| |
| 008 |
080921s2007 ne sb 001 0 eng d |
| 020 |
|
|
|z 9780444532657
|
| 020 |
|
|
|z 9780080559568
|
| 035 |
|
|
|a (MiAaPQ)EBC452982
|
| 035 |
|
|
|a (Au-PeEL)EBL452982
|
| 035 |
|
|
|a (CaPaEBR)ebr10373161
|
| 035 |
|
|
|a (CaONFJC)MIL228510
|
| 035 |
|
|
|a (OCoLC)609843482
|
| 040 |
|
|
|a MiAaPQ
|c MiAaPQ
|d MiAaPQ
|
| 050 |
|
4 |
|a HG4026
|b .H361 2007
|
| 245 |
0 |
0 |
|a Handbook of corporate finance.
|n Volume 1,
|p Empirical corporate finance
|h [electronic resource] /
|c edited by B. Espen Eckbo.
|
| 260 |
|
|
|a Amsterdam :
|b Elsevier,
|c 2007.
|
| 300 |
|
|
|a xxv, 578 p.
|
| 490 |
1 |
|
|a Handbooks in finance
|
| 504 |
|
|
|a Includes bibliographical references and index.
|
| 533 |
|
|
|a Electronic reproduction. Ann Arbor, MI : ProQuest, 2015. Available via World Wide Web. Access may be limited to ProQuest affiliated libraries.
|
| 650 |
|
0 |
|a Corporations
|x Finance.
|
| 650 |
|
0 |
|a Finance.
|
| 655 |
|
4 |
|a Electronic books.
|
| 700 |
1 |
|
|a Eckbo, BJorn Espen.
|
| 710 |
2 |
|
|a ProQuest (Firm)
|
| 830 |
|
0 |
|a Handbooks in finance.
|
| 856 |
4 |
0 |
|u https://ebookcentral.proquest.com/lib/matrademy/detail.action?docID=452982
|z Click to View
|